Stranger In The Alps-Album (Phoebe Bridgers) - Statistics

General Stats
  • This quiz has been taken 25 times
  • The average score is 10 of 13
Answer Stats
# Title % Correct
5. Scott Street
95%
3. Funeral
85%
7. Georgia
85%
2. Motion Sickness
85%
13. (Demo) Motion Sickness
85%
1. Smoke Signals
85%
11. (Reprise) Smoke Signals
85%
8. Chelsea
80%
4. Demi Moore
80%
6. Killer
80%
10. You Missed My Heart
75%
12. (Bonus Track) It'll All Work Out
65%
9. Would You Rather
60%
No matching quizzes found
Score Distribution
Percent of People with Each Score
Percentile by Number Answered
Your Score History
You have not taken this quiz